| 000 | 00691cam a22002294a 4500 | ||
|---|---|---|---|
| 005 | 20250605164256.0 | ||
| 008 | 250528s ||||||||||||||||||||||||d | ||
| 035 | _a21928 | ||
| 040 |
_aGR-AtMCL _bgre _dGR-AtMCL _eAACR2 |
||
| 245 | 1 | _aNEW ENGLISH FILE PRE-INTERMEDIATE (SET OF 3) | |
| 250 | _a1 | ||
| 260 |
_bOxford University Press, _c2007 |
||
| 505 | 0 | _aINCLUDES: PRE-INTERMEDIATE TEACHER'S BOOK, WORKBOOK | |
| 520 | _aINCLUDES: PRE-INTERMEDIATE TEACHER'S BOOK, WORKBOOK | ||
| 700 | 1 |
_aClandfield Lindsay _97809 |
|
| 700 | 1 |
_aLatham-Koenig Christina _97810 |
|
| 700 | 1 |
_aOxenden Clive _97811 |
|
| 700 | 1 |
_aSeligson Paul _97812 |
|
| 942 | _cBK | ||
| 999 |
_c6985 _d6985 |
||